000 00905nam a2200229 i 4500
001 175531
003 ES-MaACL
005 20230906215838.0
008 101103s2003 sp ao |||| | spa d
080 _a73.035/.036(460)
080 _a72.035/.036(460)
100 1 _aGarcía Guatas, Manuel.
_954729
245 1 4 _aLas efemérides de 1808 en sus monumentos /
_cManuel García Guatas.
260 _aZaragoza :
_bInstitución "Fernando el Católico" (C.S.I.C.),
_c2003.
300 _aP. 199-233 :
_bfot. ;
_c24 cm.
504 _aReferencias bibliográficas.
595 _aSeparata de: Historia y política a través de la escultura pública, 1820-1920 / Mª del Carmen Lacarra , Cristina Giménez (coords.)
650 0 4 _aEscultura española-
_yS.XIX.
_9143829
650 4 _aEscultura española-
_yS.XX.
_912436
710 2 _aInstitución "Fernando el Católico"
_94721
852 _aES-MaACL
_j2283-F-12
999 _c175531
_d175531